000 00341nam a2200145 i 4500
001 bg
100 1 _aURBAN, Marek
245 0 _aEkonomika i organizacja gospodarstw rolnych /
_cM. Urban.
250 _aWyd. 2.
260 _aWarszawa,
_c1984.
040 _cBPK
041 _apol
942 _cKS
008 s pl f |000 0 pol
999 _c22660
_d22660
856 _uhttp://koha.tu.koszalin.pl/cgi-bin/koha/opac-detail.pl?biblionumber=22660
_yKatalog online BPK